Statistics for U.S. States with the Least African Americans

Click here to take the quiz!

General Stats

  • This quiz has been taken 36 times
  • The average score is 9 of 10

Answer Stats

RankPopulationState% Correct
81.90%Maine
100%
10.50%Montana
100%
51.40%Vermont
97%
20.91%Wyoming
97%
30.99%Idaho
94%
61.50%New Hampshire
94%
92.24%South Dakota
88%
41.20%Utah
88%
71.60%Hawaii
79%
102.26%Oregon
65%

Score Distribution

Percentile by Number Answered

Percent of People with Each Score

Your Score History

You have not taken this quiz